00739nam a2200205Ia 4500008004100000100001900041245013700060260001100197300002100208440003400229521000900263650003100272650002900303650003100332650002500363650003500388942000700423999001900430952008400449140626s9999 xx 000 0 und d aChung, Jaihak. 2aA general consumer preference model for experience products :b application to Internet recommendation /cJaihak Chung ... [et al.]. cc2012. a49 : 3, page 289 aJournal of Marketing Research aBSBA aBayesian latent residuals. aCollaborative filtering. aConsumer preference model. aExperience products. aOnline recommendation service. cSE c121031d121031 001040aCLbCLcPERd2014-06-26l0pS0139r2014-06-26 00:00:00w2014-06-26ySE